000
00316nam a2200133Ia 4500
008
100328s9999 xx 000 0 und d
082
_b
14868
100
_a
Gardener Erle Stanley
245
_a
Dubious Bridegroom
260
_b
---
630
_a
Dubious Bridegroom
730
_a
Dubious Bridegroom
942
_c
BOOK
999
_c
509759
_d
509756